000
00447nam a2200181Ia 4500
008
090124s9999 xx 000 0 und d
082
_b
122808
100
_a
माळवदे रमण
245
_a
बनाटी
250
_a
1
260
_c
1988
300
_a
138
600
_a
माळवदे रमण
630
_a
बनाटी
700
_a
माळवदे रमण
730
_a
बनाटी
942
_c
BOOK
999
_c
168894
_d
168894